Catalogue and index of contributions to North American geology, 1732-1891, (Record no. 24267)

MARC details
000 -LEADER
fixed length control field 00764cam a22002291 4500
001 - CONTROL NUMBER
control field gs 05000696
003 - CONTROL NUMBER IDENTIFIER
control field DLC
005 - DATE AND TIME OF LATEST TRANSACTION
control field 20260227111301.0
008 - FIXED-LENGTH DATA ELEMENTS--GENERAL INFORMATION
fixed length control field 830928s1896 dcu b f00010 eng
010 ## - LIBRARY OF CONGRESS CONTROL NUMBER
LC control number gs 05000696 //r862
040 ## - CATALOGING SOURCE
Original cataloging agency DLC/ICU
Transcribing agency ICU
Modifying agency DLC
043 ## - GEOGRAPHIC AREA CODE
Geographic area code n------
050 0# - LIBRARY OF CONGRESS CALL NUMBER
Classification number QE75
Item number .B9 no. 127
051 ## - LIBRARY OF CONGRESS COPY, ISSUE, OFFPRINT STATEMENT
Classification number Z6034.U49
Item number D2
Copy information Copy 2.
100 10 - MAIN ENTRY--PERSONAL NAME
Personal name Darton, Nelson Horatio,
Dates associated with a name 1865-1948.
245 00 - TITLE STATEMENT
Title Catalogue and index of contributions to North American geology, 1732-1891,
Statement of responsibility, etc. by Nelson Horatio Darton.
260 0# - PUBLICATION, DISTRIBUTION, ETC.
Place of publication, distribution, etc. Washington,
Name of publisher, distributor, etc. Gov't print. off.,
Date of publication, distribution, etc. 1896.
300 ## - PHYSICAL DESCRIPTION
Extent 1045 p.
Dimensions 24 cm.
490 1# - SERIES STATEMENT
Series statement U.S. Geological survey. Bulletin
Volume/sequential designation no. 127
650 #0 - SUBJECT ADDED ENTRY--TOPICAL TERM
Topical term or geographic name entry element Geology
Geographic subdivision North America
General subdivision Bibliography.
830 #0 - SERIES ADDED ENTRY--UNIFORM TITLE
Uniform title Geological Survey bulletin ;
Volume/sequential designation 127.

No items available.

Powered by Koha